1212 1844 1285 1709 1691 1326 1089 1008 1537 1350 1645 1328 1272 1245 1571 1216 1086 1565 1005 1665 1157 1197 1541 1956 1364 1914 1999 1388 1812 1620 1448 1167 1897 1907 1006 1599 1561 1411 1002 1180 1673 1375 1335 1942 1396 1531 1397 1379 1430 1196 1856 1601 1592 1520 1379 1961 1795 1722 1097 1277 1225 1337 1507 1917 1001 1374 1909 1274 1988 1095 1494 1417 1390 1418 1803 1982 1504 1650 1034 1948 1679 1893 1296 1088 1961 1650 1239 1743 1206 1117 1857 1036 1417 1372 1253 1488 1641 1520 1548 BCNSPRNW ULIB Ver.6.0+V

เปลี่ยนเป็นภาษาไทย

Change to English
 แสดงรายละเอียดบรรณานุกรม
  กลับหน้าหลัก

Brief Record : Get Marc (ISO 2709) : E-mail record : QR code < ปิดหน้าต่าง
LEADER : 00000nam 2200000uu 4500
001    13399114598
003     ULIB
008    110627s2550||||th 000 0 tha d
090    นว.^b
100 0  เมแกน วาเลน เทอร์เนอร์
245 00 ราชินีแห่งแอตโกเลีย/^cเมแกน วาเลน เทอร์เนอร์
260    กรุงเทพฯ :^bอัมรินทร์,^c2550
710 1  อัมรินทร์
945    ^p0^l0^i022053
995    ทศพร
999 ^a ใช้งานได้ทุกระบบ
รายการนี้ยังไม่มีแท็ก
คุณยังไม่ได้ล็อกอิน คุณสามารถมีกิจกรรมร่วมกับเว็บไซต์ได้ แต่ต้องล็อกอินก่อน ::
  ล็อกอิน

รายการสื่อสารสนเทศ

ลำดับที่ ประเภท เลขเรียก/บาร์โค้ด สถานที่ สถานะ
1. นวนิยาย
นวนิยาย
นว. ฉ.1 
  Barcode: 022053
ห้องสมุดวิทยาเขตสวรรค์ประชารักษ์
►นวนิยาย
บนชั้น
  ขอยืม

รายการใกล้เคียง
    ผู้แต่ง [เมแกน วาเลน เทอร์เนอร์]

BibComment


ยังไม่เคยถูกคอมเมนท์

คอมเมนท์ทรัพยากรรายการนี้
  คอมเมนท์: ราชินีแห่งแอตโกเล..


 Copyright 2026. Bcnsprnw @Library